| 000 | 00752nam a2200205 i 4500 | ||
|---|---|---|---|
| 001 | 104721 | ||
| 003 | ES-MaACL | ||
| 005 | 20250827022419.0 | ||
| 007 | t| | ||
| 008 | 051212s1976 sp ||||1| spa d | ||
| 100 | 1 |
_aMiralles Mira, Federico. _981502 |
|
| 245 | 1 | 0 |
_aMetodología para el cálculo de previsiones demográficas... / _cFederico Miralles Mira. |
| 260 |
_aMadrid : _bInstituo de Estudios de Administración Local, _c1976. |
||
| 300 |
_a115 p. : _bil. ; _c24 cm. |
||
| 490 | 1 |
_aInvestigación en equipo. Cuadernos ; _v6 |
|
| 710 | 2 |
_aInstituto de Estudios de Administración Local (España) _94893 |
|
| 830 | 0 |
_aInvestigación en equipo. Cuadernos ; _v6 _9232649 |
|
| 852 |
_aES-MaACL _jA-6464 _bR.95532 |
||
| 999 |
_c104721 _d104721 |
||